Bilecik Bilecik Bilecik Bilecik Bilecik

Konuşma ve yazma derslerinde yabancı dil öğrenimindeki kaygı nedenleri = (Record no. 13463)

MARC details
000 -BAŞLIK
Sabit Uzunluktaki Kontrol Alanı 01538nam a22003857a 4500
001 - KONTROL NUMARASI
Control Dosyası 0013499
003 - KONTROL NUMARASI KİMLİĞİ
Kontrol Alanı KOHA_MİRAKIL
005 - EN SON İŞLEM TARİHİ ve ZAMANI
Kontrol Alanı 20260207001921.0
007 - FİZİKSEL TANIM SABİT ALAN - GENEL BİLGİ
Sabit uzunluklu kontrol alanı ta
008 - SABİT UZUNLUKTAKİ VERİ ÖGELERİ - GENEL BİLGİ
Sabit Alan 201231b2001 tu |||gr||||#||||1|tur |
020 ## - ISBN - ULUSLARARASI STANDART KİTAP NUMARASI
Isbn 9750600142
040 ## - KATALOGLAMA KAYNAĞI
Özgün Kataloglama Kurumu TR-BiSEU
Kataloglama Dili tur
Çeviri Kurumu TR-BiSEU
Açıklama Kuralları rda
041 0# - DİL KODU
Metin ya da ses kaydının dil kodu eng
044 ## - YAYINLAYAN/ÜRETEN KURULUŞUN ÜLKE KODU
ISO country code tu
050 ## - SINIFLAMA ve YER NUMARASI
Sınıflama Numarası PE1128
Yer Numarası .A93 2001
100 1# - KİŞİ ADI
Yazar Adı (Kişi adı) Aydın, Belgin.
240 10 - TEK BİÇİM BAŞLIK
Tekbiçim Başlık <a href="a study of sources of foreign language classroom anxiety in speaking and writing classes">a study of sources of foreign language classroom anxiety in speaking and writing classes</a>
Language of a work İngilizce
245 1# - ESER ADI BİLDİRİMİ
Başlık Konuşma ve yazma derslerinde yabancı dil öğrenimindeki kaygı nedenleri =
Alt Eseradı vb. a study of sources of foreign language classroom anxiety in speaking and writing classes/
Sorumluluk Bildirimi Belgin Aydın ; Belgin Aydın.
264 #1 - ÜRERİM, YAYIN, DAĞITIM ve TELİF BİLDİRİMİ
Yayın yeri Eskişehir :
Yayınlayan Anadolu Üniversitesi
Yayın tarihi 2001
300 ## - FİZİKSEL TANIMLAMA
Sayfa, Cilt vb. XIII, 209 sayfa: resimli; 24 cm.
336 ## - İÇERİK TÜRÜ
Content type term metin
Content type code txt
Source rdacontent
337 ## - MEDYA TÜRÜ
Media type term aracısız
Media type code n
Source rdamedia
338 ## - TAŞIYICI TÜRÜ
Carrier type term cilt
Carrier type code nc
Source rdacarrier
490 1# - DİZİ BİLDİRİMİ
Dizi Bildirimi Anadolu Üniversitesi yayınları no ;
Cilt Numarası 1265.
490 1# - DİZİ BİLDİRİMİ
Dizi Bildirimi Eğitim Fakültesi yayınları no ;
Cilt Numarası 74.
500 ## - GENEL NOT
Genel Not Kaynakça var.
650 #0 - KONU BAŞLIĞI EK GİRİŞ - KONU TERİMİ
Konusal terim veya coğrafi ad English languages--Study and teaching.
9 (RLIN) 31745
650 #0 - KONU BAŞLIĞI EK GİRİŞ - KONU TERİMİ
Konusal terim veya coğrafi ad English languages--Textbooks for foreign speakers.
9 (RLIN) 31746
650 #0 - KONU BAŞLIĞI EK GİRİŞ - KONU TERİMİ
Konusal terim veya coğrafi ad İngiliz dili--Çalışma ve öğretim.
9 (RLIN) 31747
650 #0 - KONU BAŞLIĞI EK GİRİŞ - KONU TERİMİ
Konusal terim veya coğrafi ad İngiliz dili--yabancılar için ders kitapları.
9 (RLIN) 31748
830 1# - SERİ EK GİRİŞİ - TEKBİÇİM ESER ADI
Tekbiçim Başlık Anadolu Üniversitesi yayınları no ;
Volume number/sequential designation 1265.
9 (RLIN) 6150
830 1# - SERİ EK GİRİŞİ - TEKBİÇİM ESER ADI
Tekbiçim Başlık Eğitim Fakültesi yayınları no ;
Volume number/sequential designation 74.
9 (RLIN) 31060
907 ## - LOCAL DATA ELEMENT G, LDG (RLIN)
a Dil
942 ## - EK GİRİŞ ÖGELERİ (KOHA)
Source of classification or shelving scheme Library of Congress Classification
Koha item type Book
Holdings
Materyal Türü Kalıcı Konum Mevcut Konum Raf Yeri Sınıflandırma Kaynağı Edinim Bilgisi Ana Konular Alt Konular Yer Numarası Demirbaş Numarası Fatura Tarihi Geri Çekilme Durumu Kayıp Durumu Hasarlı Durumu Kredi için değil Kayıt Tarih Toplam Ödünçverme Son Görülme Tarihi Son Kontrol Tarihi Genel / Bağış Notu
Book BŞEÜ Gölpazarı MYO Kütüphanesi BŞEÜ Gölpazarı MYO Kütüphanesi   Library of Congress Classification Bağış DİL VE EDEBİYAT İngiliz Dili PE1128 .A93 2001 0018725 02/02/2026         02/07/2010   05/12/2024 05/12/2024 Genel Bağış
Book BŞEÜ Osmaneli MYO Kütüphanesi BŞEÜ Osmaneli MYO Kütüphanesi   Library of Congress Classification Bağış DİL VE EDEBİYAT İngiliz Dili PE1128 .A93 2001 0065919 02/02/2026         31/12/2020   05/03/2025 05/03/2025  
Book BŞEÜ Pazaryeri MYO Kütüphanesi BŞEÜ Pazaryeri MYO Kütüphanesi   Library of Congress Classification Bağış DİL VE EDEBİYAT İngiliz Dili PE1128 .A93 2001 0020476 02/02/2026         10/08/2010   05/12/2024 05/12/2024 Genel Bağış
Book Prof. Dr. Azmi Özcan Kütüphanesi Prof. Dr. Azmi Özcan Kütüphanesi Birûni Salonu Library of Congress Classification Bağış DİL VE EDEBİYAT İngiliz Dili PE1128 .A93 2001 0013499 02/02/2026         17/02/2010   05/12/2024 05/12/2024 Genel Bağış
Book Prof. Dr. Azmi Özcan Kütüphanesi Prof. Dr. Azmi Özcan Kütüphanesi Birûni Salonu Library of Congress Classification Bağış DİL VE EDEBİYAT İngiliz Dili PE1128 .A93 2001 0014916 13/08/2010         10/03/2010   05/12/2024 05/12/2024 Genel Bağış